000 00499nam a2200157 i 4500
001 183445
003 ES-MaACL
005 20230906221909.0
008 140523s2013 sp |||| | spa d
100 1 _aLluís y Navas, Jaime.
_972976
245 1 0 _aEstudios sobre la buena fe y el principio de proporción en las sanciones /
_cJaime Lluís y Navas.
260 _aBarcelona :
_b[s.n.],
_c2013.
300 _a61 p. ;
_c22 cm.
650 4 _aBuena fe (Derecho)
_9154808
852 _aES-MaACL
_j1589-F-17
999 _c183445
_d183445